Solovjev und der Protestantismus

Αποθηκεύτηκε σε:
Λεπτομέρειες βιβλιογραφικής εγγραφής
Κύριος συγγραφέας: Müller, Ludolf, 1917-2009
Άλλοι συγγραφείς: Szylkarski, Wladimir, 1889-1960 (Συγγραφέας εισαγωγής κ.λπ.)
Μορφή: Βιβλίο
Γλώσσα:German
Δημοσίευση: Freiburg : Herder, 1951
Θέματα:
Ετικέτες: Προσθήκη ετικέτας
Δεν υπάρχουν, Καταχωρήστε ετικέτα πρώτοι!

MARC

LEADER 00000cam a2200000 i 4500
001 1/38996
008 061207s1951 ger d
035 |l 10086480 
040 |a GR-MY-UA  |b gre  |e aacr 
041 0 |a ger 
082 0 |a 248.3  |2 (22) 
100 1 |a Müller, Ludolf,   |d 1917-2009. 
245 1 0 |a Solovjev und der Protestantismus /  |c von Ludolf Muller ; mit einem Anhang: V.S. Solovjev und das Judentum ; nachwort von Wladimir Szylkarski 
260 |a Freiburg :   |b Herder,   |c 1951 
300 |a 182 σ.;  |c 21 εκ. 
500 |a Με: Die Krankheit zum Tode Furcht und Zittern / Soren Kierkegaard. - Gesprach uber den Glauben: Informationen uber die Bedeutung der Christlichen Glaubensstze / Eberhard Muller 
650 0 0 |a Protestantism. 
650 0 0 |a Judaism. 
700 1 |a Szylkarski, Wladimir,   |d 1889-1960.  |4 aui 
852 |a INST  |b RHODES  |c KRI  |e 20061207  |h  248.3 ΚΙΕ  |p 005400027368  |q 005400027368  |t BK  |y 0 
901 |a BIBL4-2006-3 
909 |a Ρ  |b 126610 
970 |a ΚΟΖΑ  |b ΜΑΡΙΑ  |z 2006/12/07